000 00751nam a2200217Ia 4500
003 GCL
008 140319s9999 xx 000 0 ara d
040 _aGCL /
_cGCL
082 0 4 _a301.2
_bم ت
100 1 _aمحمد يسرى ابراهيم دعبس
245 1 0 _aالتكوين النفسى للمسنين فى الثقافات المختلفة: دراسة انثرويولوجية مقارنة /
_cمحمد يسرى ابراهيم دعبس
260 _a[S.N] :
_bفؤاد هاشم الكتبى ،
_c1991
300 _a132 ص
490 _a
650 0 4 _aالمجتمع
650 0 4 _aعلم النفس
650 0 4 _aالسلوك الاجتماعى
650 0 4 _aالانثربولوجيا
650 0 4 _aالمسنون
942 _2ddc
_cBK
999 _c52440
_d52440